Význam ekonomickej diplomacie pre slovenských exportérov bakalárska práca

Salvato in:
Dettagli Bibliografici
Autore principale: Zvaríková, Monika
Ente Autore: Obchodná fakulta EU. Katedra medzinárodného obchodu
Altri autori: Smolková, Sára, 1998-
Natura: Libro
Lingua:slovacco
Pubblicazione: Bratislava 2024
Tags: Aggiungi Tag
Nessun Tag, puoi essere il primo ad aggiungerne!!

MARC

LEADER 00000nbm a2200000 4500
001 0302292
005 20250805085042.7
041 0 |a slo 
044 |a SK 
245 1 0 |a Význam ekonomickej diplomacie pre slovenských exportérov  |b bakalárska práca  |c Monika Zvaríková ; školiteľ: Sára Smolková 
264 1 |a Bratislava  |c 2024 
300 |a 55 s. 
100 1 |a Zvaríková, Monika 
700 1 |a Smolková, Sára, 1998- 
710 2 |a Obchodná fakulta EU. Katedra medzinárodného obchodu